That's life
Spremljeno u:
| Glavni autor: | |
|---|---|
| Format: | Knjiga |
| Jezik: | engleski |
| Izdano: |
Cambridge
Cambridge University Press
1979
|
| Teme: | |
| Oznake: |
Dodaj oznaku
Bez oznaka, Budi prvi tko označuje ovaj zapis!
|
MARC
| LEADER | 00000nam a2200000 a 4500 | ||
|---|---|---|---|
| 001 | UCX1612 | ||
| 003 | CL-VaPUC | ||
| 008 | 901004e19790000UK |||||||||||||||||eng|d | ||
| 082 | 0 | 4 | |a 428.6 |b DUF |2 21 |
| 100 | 0 | |a Duff, Alan |e author |9 317164 | |
| 245 | 1 | 0 | |a That's life |
| 300 | |a 218 p | ||
| 942 | |c BK | ||
| 945 | |d 19901004 00:00:00 | ||
| 260 | |a Cambridge |b Cambridge University Press |c 1979 | ||
| 650 | 7 | |a INGLES COMPRENSION |2 CL-VaPUC |9 313403 | |
| 650 | 7 | |a INGLES GRAMATICA |2 CL-VaPUC |9 313180 | |
| 583 | |a last modification |c 20120708 09:46:29 |k Rodrigo Vera | ||
| 999 | |c 222802 |d 222800 | ||
| 952 | |0 0 |1 0 |4 0 |6 428_600000000000000_DUF_1979 |7 0 |8 A |9 218000 |a BIBEDU |b BIBEDU |d 2019-11-15 |i 2868725 |o 428.6 DUF 1979 |p 2868725 |r 2019-11-15 |w 2019-11-15 |y BK |k LIT | ||
| 952 | |0 0 |1 0 |4 0 |6 428_600000000000000_DUF_1979 |7 0 |8 A |9 218001 |a BIBEDU |b BIBEDU |d 2019-11-15 |i 2868741 |o 428.6 DUF 1979 |p 2868741 |r 2019-11-15 |w 2019-11-15 |y BK |k LIT | ||
| 952 | |0 0 |1 0 |4 0 |6 428_600000000000000_DUF_1979 |7 0 |8 A |9 218002 |a BIBEDU |b BIBEDU |d 2019-11-15 |i 286875K |o 428.6 DUF 1979 |p 286875K |r 2019-11-15 |w 2019-11-15 |y BK |k LIT | ||
| 952 | |0 0 |1 0 |4 0 |6 428_600000000000000_DUF_1979 |7 0 |8 A |9 218003 |a BIBEDU |b BIBEDU |d 2019-11-15 |i 2868768 |o 428.6 DUF 1979 |p 2868768 |r 2019-11-15 |w 2019-11-15 |y BK |k LIT | ||